Historical theology : (Record no. 7657)
[ view plain ]
| 000 -LEADER | |
|---|---|
| fixed length control field | 00784nam a22002172 4500 |
| 001 - CONTROL NUMBER | |
| control field | 0000008621 |
| 005 - DATE AND TIME OF LATEST TRANSACTION | |
| control field | 20151217152038.0 |
| 008 - FIXED-LENGTH DATA ELEMENTS--GENERAL INFORMATION | |
| fixed length control field | 080506s xx 000 0 eng d |
| 020 ## - INTERNATIONAL STANDARD BOOK NUMBER | |
| International Standard Book Number | 0851513603 : |
| Terms of availability | KES 2200 per vol. |
| 040 ## - CATALOGING SOURCE | |
| Original cataloging agency | KABU |
| Transcribing agency | KABU |
| 100 1# - MAIN ENTRY--PERSONAL NAME | |
| Personal name | Cunningham, William. |
| -- | 0000038549 |
| 245 10 - TITLE STATEMENT | |
| Title | Historical theology : |
| Remainder of title | a review of the principal doctrinal discussions in the christian church since the apolistic age / |
| Statement of responsibility, etc. | William Cunningham. |
| 250 ## - EDITION STATEMENT | |
| Edition statement | Truth ed. |
| 260 ## - PUBLICATION, DISTRIBUTION, ETC. (IMPRINT) | |
| Place of publication, distribution, etc. | Carlisle, PEN. : |
| Name of publisher, distributor, etc. | Banner of Truth Trust, |
| Date of publication, distribution, etc. | 1960. |
| 300 ## - PHYSICAL DESCRIPTION | |
| Extent | 2 vols. |
| 650 #0 - SUBJECT ADDED ENTRY--TOPICAL TERM | |
| Topical term or geographic name as entry element | Theology, Doctrinal |
| General subdivision | History. |
| -- | 0000159277 |
| 908 ## - PUT COMMAND PARAMETER (RLIN) | |
| Put command parameter | 080506 |
| 950 ## - LOCAL HOLDINGS (RLIN) | |
| -- | 1 |
| Withdrawn status | Lost status | Source of classification or shelving scheme | Not for loan | Home library | Current library | Date acquired | Total Checkouts | Total Renewals | Full call number | Barcode | Date last seen | Date last checked out | Price effective from | Koha item type |
|---|---|---|---|---|---|---|---|---|---|---|---|---|---|---|
| Library of Congress Classification | Kabarak, Main Campus | Kabarak, Main Campus | 17/12/2015 | 5 | 2 | BT21 .C86 1960 v. 1 c. 1 | 021518 | 13/08/2024 | 27/07/2024 | 17/12/2015 | General Collection | |||
| Library of Congress Classification | Kabarak, Main Campus | Kabarak, Main Campus | 17/12/2015 | BT21 .C86 1960 v. 2 | 008830 | 02/08/2024 | 17/12/2015 | General Collection |